000 00549cam a2200181 4500500
005 20260329001517.0
041 _afre
042 _adc
100 1 0 _aFoulquier, Norbert
_eauthor
245 0 0 _aDe quel droit ?
260 _c2007.
500 _a30
690 _aDémocratie
690 _aÉquilibre des pouvoirs
690 _aPouvoir judiciaire
786 0 _nPhilosophie magazine | 13 | 10 | 2007-10-01 | p. 3-3 | 1951-1787
856 4 1 _uhttps://shs.cairn.info/magazine-philosophie-magazine-2007-10-page-3?lang=fr&redirect-ssocas=7080
999 _c1806073
_d1806073